Statistics for Bahamas Country Quiz

Click here to take the quiz!

General Stats

  • This quiz has been taken 17 times
    (8 since last reset)
  • The average score is 9 of 15

Answer Stats

Question Answer % Correct
CapitalNassau
100%
Official languageEnglish
100%
Practice abolished in 1834Slavery
100%
Though it technically isn't,
many consider the
Bahamas to be in this sea
{Caribbean} Sea
86%
CurrencyBahamian Dollar
86%
Country that colonized the BahamasUnited Kingdom
86%
National sportCricket
86%
Explorer that discovered
the Bahamas
Christopher Columbus
57%
Animal that tourists can swim
with at Big Major Cay
Pigs
57%
Largest islandsGrand Bahama
43%
Largest islandsGreat Abaco
43%
National animals
(name either)
Flamingo / Marlin
29%
People group that are indigenous
to the Bahamas
Taíno
29%
Largest islandsNorth Abaco
14%
Largest islandsSouth Abaco
14%

Score Distribution

Percentile by Number Answered

Percent of People with Each Score

Your Score History

You have not taken this quiz since the last reset